Onde estás, mamã? (Registo nº 6063)

Detalhes MARC
000 -Etiqueta do registo
Valores 01435nam a2200289 4500
010 ## - Número ISBN
ISBN 9724307255
021 ## - Número do Depósito Legal
Número 198109/03
100 ## - Dados gerais de processamento
Dados gerais 20211231d2004 bc|y0pory5003 ba
200 1# - Titulo e menção de responsabilidade
Título próprio Onde estás, mamã?
Primeira menção de responsabilidade texto Christophe Loupy
Outras menções de responsabilidade il. Eve Tharlet
-- trad. Sofia Slotboom
205 ## - Menção da edição
Edição 1ª ed
210 #9 - Publicação
Local de publicação Porto
Nome do editor Ambar
Data de publicação 2004
215 ## - Descrição física 
Paginação / Volumes [26] p.
Outras indicações físicas muito il.
Dimensões 29 cm
225 2# - Colecção 
Título próprio da colecção Lua de papel
304 ## - Nota relativa ao título
Texto de nota T�it. orig.: Mama, wo bist du ?
330 ## - Sumário ou Resumo
Texto da nota Logo na primeira vez que vai à feira com a mamã e os irmãos, fascinado pelas luzes er pelas cores, o cachiorrinho Sorrisos distrai-se e perde-se na confusão.<br/>Como encontrar a familia no meio de tanto movimento? Aflito, pede ajuda e, por entre algumas peripécias, até um gato tenta ajudá-lo.<br/>Finalmente, Sorrisos é encontrado pela família- que preocupada, já o tinha procurado pormtoda a feira - e volta ao aconchego do carinho da mãe, em mais um momento de ternura que o talento do educador de infância Christophe Loupy e da ilustradora Eve Tharlet proporciona às crianças e aos pais.<br/><br/>
606 ## - Nome comum usado como assunto
ID Autoridade 14
Palavra de ordem Literatura infantil
606 ## - Nome comum usado como assunto
ID Autoridade 13
Palavra de ordem Literatura Estrangeira
675 ## - CDU
Notação 82-93
Edição BN
Língua por
675 ## - CDU
Notação 821.1/.8
Edição BN
Língua por
700 ## - Autor principal (pessoa individual)
Apelido Loupy
Nome Christophe
ID Autoridade 5769
702 ## - Autor secundário (pessoa individual)
Apelido Tharlet
Nome Evelyne
Datas 1956-
ID Autoridade 4292
702 ## - Autor secundário (pessoa individual)
Apelido Slotboom
Nome Sofia
ID Autoridade 4000
801 ## - Fonte de origem
País PT
Agência BMVN
Regras de catalogação RPC
830 ## - Notas gerais do catalogador
Criado por Ana Caetano
Data de criação 31/12/2021
990 ## - Elementos KOHA
Tipo de documento Livro
Exemplares
Situação do levantamento Biblioteca de origem Código de barras Cota Permissão de empréstimo Tipo de documento Forma de aquisição
  Biblioteca Municipal de Vendas Novas 100000030928 LI EST/LOU   Livro  

Powered by Koha